000 01008nam a2200265Ia 4500
003 OSt
005 20220923211201.0
006 a|||||r|||| 00| 0
007 ta
008 220922b |||||||| |||| 00| 0 hin d
020 _a8188600131 (hbk)
_c190
024 _a282,931
037 _b318, 10/01/2015, Vani Prakashan
_cTextual
040 _aARTS
_cARTS
_bhin
041 _2hin
_ahin
082 _aO157,3NRA3,MA, 152P5
100 _aराय, सत्यजित; साहा, रणजीत, अनु.
_9159261
245 0 _aमास्टर अंशुमान
246 _aMāsṭar aanshumāna
260 _aदिल्ली
_b साक्षरा प्रकाशन
_c2005
300 _a63पृ.
_ccm.
650 _aबंगाली साहित्य
_9156264
942 _hO157,3NRA3,MA, 152P5
_cTEXL
_2CC
999 _c296471
_d296471